00672nam a2200205 i 4500001000400000100002100004245004900025250001700074260005400091300004400145504002900189505002000218650002200238650003600260020001500296040000800311041000800319008004100327856009800368bgj1 aBERMAN, David R.10aState and Local Politics /cDavid R. Berman. a5th edition. aBoston [etc.] :bAllyn and Bacon, Inc.,cc. 1984. aXII, 386 pp :bgraphs, tables ;c24 cm. aBibliography p. 363-373. aIncludes index. 9aState governments 9aLocal governmentzUnited States a0205104592 cBPK0 aeng s uk f |000 0 eng  uhttp://koha.tu.koszalin.pl/cgi-bin/koha/opac-detail.pl?biblionumber=47521yKatalog online BPK